| 000 | 01160cam a2200229 4500 | ||
|---|---|---|---|
| 001 | WB4016-20 | ||
| 008 | 040429n2004 000 0 eng u | ||
| 035 | _a(Sirsi) u126068 | ||
| 245 | _aMunicipal waste management estimates | ||
| 260 | _c2004 | ||
| 490 |
_aDEFRA News Release _v(161/04) 29 April 2004 (4) |
||
| 520 | _aDEFRA has released provisional estimates from its latest municipal waste management survey. The estimates are based on returns from local authorities in England for the financial year 2002/03. Total municipal waste is up 1.8% to 28.8m tonnes, of which 24.8% had value (recycling, composting energy from waste). Municipal waste disposed of in landfill has decreased to 22m tonnes. Household waste accounted for 88% of all municipal waste with 14.5% recycled. A summary is available at http://www.defra.gov.uk/environment/statistics/was tats/bulletin/index.htm. http://www.defra.gov.uk/news/2004/040429a.htm | ||
| 590 | _aWB | ||
| 590 | _aWB | ||
| 650 | _aMUNICIPAL SOLID WASTE | ||
| 650 | _aLANDFILL | ||
| 650 | _aHOUSEHOLD WASTE | ||
| 650 | _aRECYCLING | ||
| 650 | _aSTATISTICS | ||
| 690 | _aWASTE MANAGEMENT | ||
| 942 | _n0 | ||
| 999 |
_c117276 _d117276 |
||